| 000 | 01213pam a2200313 a 4500 | ||
|---|---|---|---|
| 001 | 1580940 | ||
| 003 | EG-ScBUE | ||
| 005 | 20241127092640.0 | ||
| 008 | 931102t1994 nyua f 001 0 eng d | ||
| 020 | _a9780071138468 | ||
| 020 | _a0071138463 | ||
| 040 |
_aDLC _beng _erda _cDLC _dDLC _dEG-ScBUE |
||
| 082 | 0 | 4 |
_a519.502462 _222 _bBAR |
| 100 | 1 |
_aBarnes, J. Wesley, _eauthor. |
|
| 245 | 1 | 0 |
_aStatistical analysis for engineers and scientists : _ba computer-based approach / _cJ. Wesley Barnes, The University of Texas at Austin. |
| 264 | 1 |
_aNew York : _bMcGraw-Hill, _c[1994] |
|
| 264 | 4 | _cc1994 | |
| 300 |
_axxvii, 396 pages : _billustrations ; _c25 cm |
||
| 336 |
_2rdacontent _atext _btxt |
||
| 337 |
_aunmediated _2rdamedia _bn |
||
| 338 |
_avolume _bnc _2rdacarrier |
||
| 500 | _aRev. ed. of: Statistical analysis for engineers. c1988. | ||
| 500 | _aIncludes index. | ||
| 650 | 7 |
_aEngineering _xStatistical methods _xData processing. _2BUEsh |
|
| 655 | _vReading book | ||
| 856 | 4 | 1 |
_3Table of contents _uhttp://www.loc.gov/catdir/toc/mh022/93043834.html |
| 942 |
_2ddc _cBB |
||
| 999 |
_c10692 _d10692 |
||